Principles of Marketing. A South asian perspective (Record no. 34527)
[ view plain ]
| 000 -LEADER | |
|---|---|
| fixed length control field | 00439nam a2200145Ia 4500 |
| 008 - FIXED-LENGTH DATA ELEMENTS--GENERAL INFORMATION | |
| fixed length control field | 231019s9999 xx 000 0 und d |
| 020 ## - INTERNATIONAL STANDARD BOOK NUMBER | |
| ISBN | 978-81-317-3101-7 |
| 082 ## - DEWEY DECIMAL CLASSIFICATION NUMBER | |
| Classification number | 658.87 |
| Item number | KOT-P |
| 100 ## - MAIN ENTRY--AUTHOR | |
| Author Name | Philip Kotler, Gray Armstrong, Prafulla Y. Agnihotri & Ehsan ul Haque |
| 245 #0 - TITLE STATEMENT | |
| Title | Principles of Marketing. A South asian perspective |
| 260 ## - PUBLICATION, DISTRIBUTION, ETC. | |
| Place of Publication | India |
| Name of publisher, distributor, etc. | Dorling Kindersley |
| Date of publication, distribution, etc. | 2010 |
| 300 ## - PHYSICAL DESCRIPTION | |
| Pages | 514 |
| 650 ## - SUBJECT ADDED ENTRY--TOPICAL TERM | |
| Subject / Department | Accounting |
| 952 ## - LOCATION AND ITEM INFORMATION (KOHA) | |
| -- | 0 |
| -- | 0 |
| Lost status | Damaged status | Permanent Location | Current Location | Date acquired | Full Call Number | Accession No./Barcode | Date last seen | item type |
|---|---|---|---|---|---|---|---|---|
| Superior Information Resource Center (SIRC) Superior University - City Campus | Superior Information Resource Center (SIRC) Superior University - City Campus | 10/19/2023 | 658.87 KOT-P | 28076 | 10/19/2023 | BOOK |
